000 00566nam a2200193Ia 4500
005 20250326144758.0
008 250326s9999 xx 000 0 und d
020 _a0-7126-8458-1
037 _aTextbook
040 _aFMSL
_beng
_cFMSL
041 _aeng
_2eng
084 _aXobD658(2:55) P0
_qFMSL
100 _aSpectors Robert
_9750093
245 0 _aAmazon.com : get big fast
_cSpectors Robert
260 _aUnited Kingdom
_bUnited Kingdom, Business
_c2000
300 _axii,253
942 _cTB
_hXobD658(2:55) P0
999 _c1305020
_d1305020